Слова из учебного руководства "Русская речь" М. Вольпера, переведенные на латышский и немецкий язык Г. Плакисом (Запись № 6169170)

Подробности
000 -МАРКЕР
контрольное поле 02229nam1a22002771i 4500
001 - ИДЕНТИФИКАТОР ЗАПИСИ
контрольное поле rc\1579041
005 - ИДЕНТИФИКАТОР ВЕРСИИ
контрольное поле 20240723194542.0
035 ## - ДРУГИЕ СИСТЕМНЫЕ НОМЕРА
Идентификатор записи (NLR Aleph) 005288749
100 ## - ДАННЫЕ ОБЩЕЙ ОБРАБОТКИ
Данные общей обработки 20061002d1893 u||y0rusy50 ca
101 0# - ЯЗЫК РЕСУРСА
Язык текста, звукозаписи и т.д. русский
-- латышский
-- немецкий
102 ## - СТРАНА ПУБЛИКАЦИИ ИЛИ ПРОИЗВОДСТВА
Страна публикации Российская Федерация
105 ## - ПОЛЕ КОДИРОВАННЫХ ДАННЫХ: ТЕКСТОВЫЕ МАТЕРИАЛЫ, МОНОГРАФИЧЕСКИЕ
Кодированные данные о монографическом текстовом документе y e |||||
200 1# - ЗАГЛАВИЕ И СВЕДЕНИЯ ОБ ОТВЕТСТВЕННОСТИ
Основное заглавие Слова из учебного руководства "Русская речь" М. Вольпера, переведенные на латышский и немецкий язык Г. Плакисом
205 ## - СВЕДЕНИЯ ОБ ИЗДАНИИ
Сведения об издании 2-е изд.
210 ## - ПУБЛИКАЦИЯ, РАСПРОСТРАНЕНИЕ И ДР.
Место издания, распространения и т.д. Рига
Имя издателя, распространителя и т. д. книжный магазин Ф.И. Трескиной
Дата издания, распространения и т.д. 1893
215 ## - ФИЗИЧЕСКАЯ ХАРАКТЕРИСТИКА
Размеры 21
311 ## - ПРИМЕЧАНИЯ, ОТНОСЯЩИЕСЯ К ПОЛЯМ СВЯЗИ (ПРИМЕЧАНИЯ О СВЯЗИ С ДРУГИМИ ПРОИЗВЕДЕНИЯМИ (ИЗДАНИЯМИ))
Текст примечания Прил. к: Русская речь: учебное руководство, примененное к обучению русскому языку в тех школах, в которых дети при поступлении не умеют говорить по-русски: в трех выпусках: [с 600 рисунками в тексте]: (орфография по Руководству академика Грота) / М. Вольпер. - С.-Петербург: издание Д.Д. Полубояринова, 1893-1894 - 3 т.
422 #0 - ИЗДАНИЕ, К КОТОРОМУ ОТНОСИТСЯ ПРИЛОЖЕНИЕ
Встроенное поле 2001#$aРусская речь$eучебное руководство, примененное к обучению русскому языку в тех школах, в которых дети при поступлении не умеют говорить по-русски$eв трех выпусках$e[с 600 рисунками в тексте]$e(орфография по Руководству академика Грота)$fМ. Вольпер
-- 210##$aС.-Петербург$cиздание Д.Д. Полубояринова$d1893-1894
-- 700#1$3RU\NLR\AUTH\7766229$7ca$aВольпер$bМ. А.$f1851-$gМихаил Акимович
Заглавие Русская речь
Автор Вольпер, Михаил Акимович (1851-)
700 #1 - ИМЯ ЛИЦА - ПЕРВИЧНАЯ ОТВЕТСТВЕННОСТЬ
Начальный элемент ввода Плакис
Часть имени, кроме начального элемента ввода Г.
Код отношения Переводчик
-- Составитель
801 #2 - ИСТОЧНИК ЗАПИСИ
Страна Российская Федерация
Организация NLR
Дата составления 20080702
Источник данных rusmarc
801 #0 - ИСТОЧНИК ЗАПИСИ
Страна Российская Федерация
Организация NLR
Дата составления 20061002
Правила каталогизации psbo
801 #0 - ИСТОЧНИК ЗАПИСИ
Страна Российская Федерация
Организация RuMoRGB
Дата составления 20061002
Источник данных psbo
801 #1 - ИСТОЧНИК ЗАПИСИ
Страна Российская Федерация
Организация ProSoft-M
Дата составления 20061002
Источник данных rusmarc
852 ## - МЕСТОНАХОЖДЕНИЕ И ШИФР ХРАНЕНИЯ
Идентификатор организации NLR
Шифр хранения (Call Number) 18.268.4.10 (вып. 1)
942 ## - ДОПОЛНИТЕЛЬНЫЕ ЭЛЕМЕНТЫ ЗАПИСИ (АБИС)
Тип экземпляра АБИС Книга

Нет доступных экземпляров.